| 000 | 00577nam a22001937a 4500 | ||
|---|---|---|---|
| 005 | 20251108164057.0 | ||
| 008 | 250721s2001 xx 000 0 ara d | ||
| 082 | 1 | 4 | _a155/هند |
| 100 | 1 | _aالهنداوي، علي فالح | |
| 245 | 1 | 0 | _aعلم نفس النمو الطفولة و المراهقة / |
| 264 | 1 |
_aالعين : _bدار الكتاب الجامعي، _c2001. |
|
| 300 | _a392ص | ||
| 650 | 1 | 7 | _aعلم النفس |
| 650 | 1 | 7 | _aسيكولوجية النمو |
| 650 | 1 | 7 | _aالأطفال |
| 650 | 1 | 7 | _aالمراهقة |
| 942 |
_2ddc _cBK |
||
| 999 |
_c3025 _d3025 |
||